<?xml version="1.0" encoding="UTF-8"?>
<record
    xmlns:xsi="http://www.w3.org/2001/XMLSchema-instance"
    xsi:schemaLocation="http://www.loc.gov/MARC21/slim http://www.loc.gov/standards/marcxml/schema/MARC21slim.xsd"
    xmlns="http://www.loc.gov/MARC21/slim">

  <leader>01812nam a22003257a 4500</leader>
  <controlfield tag="003">CHAP</controlfield>
  <controlfield tag="005">20240521130456.0</controlfield>
  <controlfield tag="007">ta</controlfield>
  <controlfield tag="008">221122s2022    |||aodbfs|||| 001 0 spa d</controlfield>
  <datafield tag="040" ind1=" " ind2=" ">
    <subfield code="a">mxchpua</subfield>
  </datafield>
  <datafield tag="090" ind1=" " ind2=" ">
    <subfield code="a">T.C.882</subfield>
    <subfield code="b">R36 SAI</subfield>
    <subfield code="c">2022</subfield>
  </datafield>
  <datafield tag="245" ind1="1" ind2=" ">
    <subfield code="a">Reporte de la investigaci&#xF3;n documental y de la fase de campo virtual de la asignatura Sistemas Agroindustriales en el estado de Chiapas para el sistema cacao /</subfield>
    <subfield code="c">coordinadores Jos&#xE9; Orlando Ramayo Ram&#xED;rez y Diana Am&#xE9;rica Reyna Izaguirre</subfield>
  </datafield>
  <datafield tag="260" ind1=" " ind2=" ">
    <subfield code="a">Chapingo, M&#xE9;xico :</subfield>
    <subfield code="b">El autor, </subfield>
    <subfield code="c">2022</subfield>
  </datafield>
  <datafield tag="300" ind1=" " ind2=" ">
    <subfield code="a">1 recurso en l&#xED;nea (256 p&#xE1;ginas) : </subfield>
    <subfield code="b">gr&#xE1;ficas, mapas, fotos</subfield>
  </datafield>
  <datafield tag="336" ind1=" " ind2=" ">
    <subfield code="2">rdacontent</subfield>
    <subfield code="a">texto</subfield>
    <subfield code="b">txt</subfield>
  </datafield>
  <datafield tag="337" ind1=" " ind2=" ">
    <subfield code="2">rda media</subfield>
    <subfield code="a">computadora</subfield>
    <subfield code="b">c</subfield>
  </datafield>
  <datafield tag="338" ind1=" " ind2=" ">
    <subfield code="2">rdacarrier</subfield>
    <subfield code="a">recurso en l&#xED;nea</subfield>
    <subfield code="b">cr</subfield>
  </datafield>
  <datafield tag="500" ind1=" " ind2=" ">
    <subfield code="a">Grado : 6&#xB0; a&#xF1;o  Grupo : 03
Directorio : p&#xE1;ginas 250-253</subfield>
  </datafield>
  <datafield tag="502" ind1=" " ind2=" ">
    <subfield code="a">Viaje de Estudios</subfield>
    <subfield code="b">(SAI) --</subfield>
    <subfield code="c">UACh. Departamento de Ingenier&#xED;a Agroindustrial, </subfield>
    <subfield code="d">2022</subfield>
  </datafield>
  <datafield tag="504" ind1=" " ind2=" ">
    <subfield code="a">Bibliograf&#xED;a : p&#xE1;ginas 160-166</subfield>
  </datafield>
  <datafield tag="505" ind1="0" ind2=" ">
    <subfield code="a">Visitas : --</subfield>
    <subfield code="t">1. ASOCACAO --
2. Cacaotera La Salamandra Enloquecida --
3. Ko&#xB4;kov Chocolater&#xED;a --
4. Xocowa Chocolater&#xED;a --
5. T&#xED;a Cire Ka&#xB4;Kaw --
6. FIRA --
7. Posgrado en Ciencias en Desarrollo --
8. Rural Regional &#x2013; Sede Chiapas - UACh --
9. LU&#x2019;UM Chocolate --
10. ECOM Agroindustr ial Corp. Ltd --</subfield>
  </datafield>
  <datafield tag="650" ind1="1" ind2="3">
    <subfield code="9">16918</subfield>
    <subfield code="a">Cacao</subfield>
    <subfield code="z">M&#xE9;xico</subfield>
    <subfield code="z">Chiapas </subfield>
  </datafield>
  <datafield tag="650" ind1="1" ind2="3">
    <subfield code="9">150301</subfield>
    <subfield code="a">Productos derivados del cacao  </subfield>
  </datafield>
  <datafield tag="650" ind1="1" ind2="3">
    <subfield code="9">185308</subfield>
    <subfield code="a"> Industria del cacao</subfield>
    <subfield code="z">M&#xE9;xico</subfield>
    <subfield code="z">Chiapas </subfield>
  </datafield>
  <datafield tag="650" ind1="1" ind2="3">
    <subfield code="9">150295</subfield>
    <subfield code="a">Cocoa products</subfield>
  </datafield>
  <datafield tag="650" ind1="1" ind2="3">
    <subfield code="9">150788</subfield>
    <subfield code="a">Cocoa industry</subfield>
    <subfield code="z">Mexico</subfield>
    <subfield code="z">Chiapas</subfield>
  </datafield>
  <datafield tag="700" ind1="1" ind2=" ">
    <subfield code="9">161734</subfield>
    <subfield code="a">Ramayo Ram&#xED;rez, Jos&#xE9; Orlando</subfield>
    <subfield code="e">coordinador</subfield>
  </datafield>
  <datafield tag="700" ind1="1" ind2=" ">
    <subfield code="a">Reyna Izaguirre, Diana Am&#xE9;rica</subfield>
    <subfield code="e">coordinadora</subfield>
    <subfield code="9">147338</subfield>
  </datafield>
  <datafield tag="856" ind1="4" ind2="0">
    <subfield code="u">http://10.13.5.2/ve/T_C_882_SAI/T_C_882_SAI_2022-REPORTE_pdf</subfield>
    <subfield code="y">DESCARGAR REPORTE </subfield>
  </datafield>
  <datafield tag="999" ind1=" " ind2=" ">
    <subfield code="c">217850</subfield>
    <subfield code="d">217850</subfield>
  </datafield>
  <datafield tag="952" ind1=" " ind2=" ">
    <subfield code="0">0</subfield>
    <subfield code="1">0</subfield>
    <subfield code="2">local</subfield>
    <subfield code="4">0</subfield>
    <subfield code="7">0</subfield>
    <subfield code="8">VEE</subfield>
    <subfield code="a">IA_</subfield>
    <subfield code="b">IA_</subfield>
    <subfield code="c">E_L</subfield>
    <subfield code="d">2022-11-22</subfield>
    <subfield code="e">El autor</subfield>
    <subfield code="l">0</subfield>
    <subfield code="o">T.C.882 R36 SAI 2022</subfield>
    <subfield code="p">1206015737</subfield>
    <subfield code="r">2022-11-22 00:00:00</subfield>
    <subfield code="y">VEE</subfield>
  </datafield>
</record>
